[Event "94th ch-GBR"]
[Site "Great Yarmouth ENG"]
[Date "2007.08.02"]
[Round "4"]
[White "Eggleston,D"]
[Black "Rowson,J"]
[Result "0-1"]
[WhiteElo "2330"]
[BlackElo "2599"]
[EventDate "2007.07.30"]

1. e4 g6 2. d4 Bg7 3. Nf3 d6 4. Nc3 a6 5. a4 Nf6 6. h3 O-O 7. Be3 b6 8. e5
Nfd7 9. exd6 exd6 10. Be2 Bb7 11. d5 Re8 12. O-O Nf6 13. Qd2 Nbd7 14. Rad1
Nc5 15. Qc1 Qd7 16. a5 b5 17. b4 Nce4 18. Nxe4 Nxe4 19. c4 Nc3 20. Rd2 bxc4
21. Bxc4 Qa4 22. Bd4 Qxb4 23. Rb2 Qxc4 24. Bxc3 Qxc3 25. Rxb7 Qxa5 26. Rxc7
Qxd5 27. Rd1 Qf5 28. Rxd6 Rab8 29. Rd1 Rbc8 30. Rxc8 Rxc8 31. Qa3 a5 32.
Qb3 Qf4 33. g3 a4 34. Qb7 Qc4 35. Kg2 a3 36. Rd2 Re8 37. Qb1 Bf8 38. Rd4 a2
39. Qd1 Qa6 40. Ra4 Ra8 41. Kh2 0-1

[Event "94th ch-GBR"]
[Site "Great Yarmouth ENG"]
[Date "2007.08.02"]
[Round "4"]
[White "White,Mi"]
[Black "Williams,Si1"]
[Result "1/2-1/2"]
[WhiteElo "2246"]
[BlackElo "2480"]
[EventDate "2007.07.30"]

1. e4 c5 2. Nf3 d6 3. d4 cxd4 4. Nxd4 Nf6 5. Nc3 g6 6. Be3 a6 7. Be2 Bg7 8.
O-O O-O 9. a4 Nc6 10. Ra3 e6 11. f4 d5 12. e5 Nd7 13. Nb1 Ndb8 14. c4 dxc4
15. Bxc4 Qc7 16. Qe2 Rd8 17. Nf3 Nb4 1/2-1/2

[Event "94th ch-GBR"]
[Site "Great Yarmouth ENG"]
[Date "2007.08.02"]
[Round "4"]
[White "Flear,G"]
[Black "Lalic,S"]
[Result "1-0"]
[WhiteElo "2479"]
[BlackElo "2350"]
[EventDate "2007.07.30"]

1. d4 e6 2. c4 Nf6 3. Nc3 Bb4 4. Qc2 d5 5. cxd5 exd5 6. Bg5 c5 7. a3 cxd4
8. axb4 dxc3 9. bxc3 Be6 10. e3 Nbd7 11. Nf3 O-O 12. Bd3 h6 13. Bh4 Qb6 14.
O-O Rac8 15. Ra3 Rfe8 16. Nd4 Ne4 17. Rfa1 Ne5 18. Bxe4 dxe4 19. Qxe4 Nc4
20. Rxa7 Nd6 21. Qc2 Nb5 22. Nxb5 Qxb5 23. Bg3 Red8 24. h3 g6 25. R1a5 Qd7
26. Be5 Bd5 27. Bd4 Qe6 28. Qe2 h5 29. f3 h4 30. Qf2 Qe7 31. e4 Be6 32. Qe3
Kh7 33. Rb5 Qc7 34. Rbxb7 Qg3 35. Rxf7+ Bxf7 36. Rxf7+ Kg8 37. Rg7+ Kf8 38.
Qh6 1-0

[Event "94th ch-GBR"]
[Site "Great Yarmouth ENG"]
[Date "2007.08.02"]
[Round "4"]
[White "Arakhamia,K"]
[Black "Snape,I"]
[Result "1-0"]
[WhiteElo "2418"]
[BlackElo "2255"]
[EventDate "2007.07.30"]

1. e4 c5 2. Nc3 Nc6 3. g3 g6 4. Bg2 Bg7 5. d3 d6 6. Be3 Qa5 7. Qd2 Nd4 8.
f4 e6 9. Nf3 Ne7 10. O-O f5 11. Ne1 O-O 12. Nd5 Qxd2 13. Nxe7+ Kf7 14. Bxd2
Kxe7 15. c3 Nc6 16. Nc2 Bd7 17. Rae1 Rac8 18. Ne3 Rf7 19. Bf3 Rcf8 20. exf5
gxf5 21. Bh5 Kd8 22. Bxf7 Rxf7 23. Rb1 h5 24. h4 Bf6 25. Ng2 Rg7 26. Kf2 e5
27. Rfe1 Be6 28. a3 Kd7 29. b4 c4 30. dxc4 Bxc4 31. b5 Na5 32. fxe5 dxe5
33. Bg5 Bxg5 34. hxg5 e4 35. Rbd1+ Kc7 36. Nf4 Rxg5 37. Rd4 Kb6 38. a4 Bb3
39. Rd6+ Kc5 40. Rf6 Kc4 41. Ne6 Rg4 42. Rxf5 Kxc3 43. Nc5 h4 44. Nxe4+ Kb4
45. Kf3 Rxg3+ 46. Nxg3 hxg3 47. Rf4+ Nc4 48. Rc1 Kxa4 49. Rcxc4+ Bxc4 50.
Rxc4+ Kxb5 51. Rg4 a5 52. Ke3 g2 53. Kd3 1-0

[Event "94th ch-GBR"]
[Site "Great Yarmouth ENG"]
[Date "2007.08.02"]
[Round "4"]
[White "Fowler,S"]
[Black "Rendle,T"]
[Result "1/2-1/2"]
[WhiteElo "2204"]
[BlackElo "2416"]
[EventDate "2007.07.30"]

1. e4 e6 2. d4 d5 3. Nc3 dxe4 4. Nxe4 Bd7 5. Nf3 Bc6 6. Bd3 Nd7 7. Qe2 Ngf6
8. Bg5 Be7 9. O-O-O Bxe4 10. Bxe4 Nxe4 11. Bxe7 Nc3 12. Bxd8 Nxe2+ 13. Kd2
Nxd4 14. Bxc7 Nxf3+ 15. gxf3 Ke7 16. Kc1 Rhc8 17. Bd6+ Ke8 18. Rd4 Rc6 19.
Rhd1 Rac8 20. c3 Rc4 21. Kc2 b5 22. Rxc4 Rxc4 23. b3 Rc6 24. Rd4 f6 25. Bb4
Ne5 26. Ba5 Ra6 27. b4 Nxf3 28. Rd8+ Kf7 29. Kb3 Rc6 30. a4 a6 31. axb5
axb5 32. Rb8 Nd2+ 33. Kb2 Ne4 34. Rxb5 Rxc3 35. Rb7+ Kg6 36. b5 Rf3 37. b6
Nd6 38. Rc7 Rf5 39. Rc6 Rxa5 40. Rxd6 Rb5+ 41. Kc3 e5 42. Kc4 Rb2 43. Kc5
Kf5 44. Kc6 Ke4 45. b7 Kf3 46. Rd2 Rb1 47. Kc7 f5 48. b8=Q Rxb8 49. Kxb8 e4
50. Kc7 f4 51. Kd6 g5 52. Ke5 e3 53. fxe3 fxe3 54. Ra2 e2 55. Ra1 g4
1/2-1/2

[Event "94th ch-GBR"]
[Site "Great Yarmouth ENG"]
[Date "2007.08.02"]
[Round "4"]
[White "Bellin,R"]
[Black "Kwiatkowski,F"]
[Result "1/2-1/2"]
[WhiteElo "2403"]
[BlackElo "2255"]
[EventDate "2007.07.30"]

1. e4 c5 2. Nf3 Nc6 3. Bb5 g6 4. Bxc6 dxc6 5. d3 Bg7 6. h3 Nf6 7. Nc3 Nd7
8. Be3 e5 9. Qd2 Qe7 10. Bh6 f6 11. Bxg7 Qxg7 12. Ng1 Nf8 13. Nge2 Ne6 14.
f4 exf4 15. Nxf4 Qc7 16. O-O O-O 17. Rae1 Qe5 18. Kh1 Bd7 1/2-1/2

[Event "94th ch-GBR"]
[Site "Great Yarmouth ENG"]
[Date "2007.08.02"]
[Round "4"]
[White "Anderson,J"]
[Black "Howell,D"]
[Result "1/2-1/2"]
[WhiteElo "2207"]
[BlackElo "2519"]
[EventDate "2007.07.30"]

1. e4 e5 2. Nf3 Nc6 3. Bc4 Nf6 4. d4 exd4 5. O-O Nxe4 6. Re1 d5 7. Bxd5
Qxd5 8. Nc3 Qa5 9. Nxe4 Be6 10. Bd2 Qb6 11. Neg5 O-O-O 12. Nxe6 fxe6 13.
Rxe6 Bd6 14. b3 Qc5 15. Ng5 Qf5 16. Qe2 Rhf8 17. Re4 Be5 18. Re1 h6 19. Nh3
Bd6 20. Nf4 Bxf4 21. Rxf4 Qd7 22. Re4 Rf5 23. Bf4 Qf7 24. Bg3 Rf6 25. Qd2
Qd5 26. a4 a5 27. c4 Qc5 28. Rf4 Qb4 29. Qxb4 axb4 30. Rxf6 gxf6 31. Bf4 h5
32. Kf1 Kd7 33. Bd2 Kd6 34. Re4 f5 35. Rh4 Rh8 36. Ke2 Kc5 37. Bf4 Na5 38.
Rh3 Re8+ 39. Kd2 Re7 40. Rf3 b6 41. Bh6 Rf7 42. Kc2 Nxc4 43. h3 Nd6 44. Bf4
Ne4 45. Bd2 Kd5 46. Bxb4 c5 47. Ba3 f4 48. Bc1 Rg7 49. Bxf4 Rxg2 50. Bg3 c4
51. Rf5+ Kc6 52. bxc4 Nxg3 53. Rf6+ Kb7 54. Kd3 Nh1 55. a5 bxa5 56. Rf5 a4
57. Ra5 Nxf2+ 58. Kxd4 Nxh3 59. Rxh5 Rg3 60. Kc5 a3 61. Kb4 Ng5 62. Rh2 Ne6
63. Ra2 Nd4 64. Ka4 Kc6 65. Rxa3 Rg8 66. Rh3 Kc5 67. Rh5+ Kxc4 68. Ka5 Rg6
69. Rh4 Rd6 70. Rg4 Rd5+ 71. Kb6 Kb4 72. Rh4 Rb5+ 73. Kc7 Kc4 74. Kd6 Rg5
75. Rh1 Rg6+ 76. Ke7 Ra6 77. Rc1+ Kd5 78. Rd1 Ra7+ 79. Kf6 Rd7 80. Kg5 Rf7
81. Ra1 Rf5+ 82. Kg4 Rf3 83. Ra5+ Ke4 84. Ra4 Rd3 85. Kg5 Ke3 86. Kf6 Rb3
87. Ke5 Nf3+ 88. Kd5 Rb5+ 89. Ke6 Rb6+ 90. Ke7 Ne5 91. Ra3+ Ke4 92. Ra1
Ng6+ 1/2-1/2

[Event "94th ch-GBR"]
[Site "Great Yarmouth ENG"]
[Date "2007.08.02"]
[Round "4"]
[White "Lyell,M"]
[Black "Haslinger,S"]
[Result "0-1"]
[WhiteElo "2187"]
[BlackElo "2468"]
[EventDate "2007.07.30"]

1. e4 e5 2. f4 exf4 3. Nf3 d5 4. exd5 Nf6 5. Bc4 Nxd5 6. O-O Be6 7. Bb3 c5
8. d4 cxd4 9. Nxd4 Bc5 10. Kh1 Bxd4 11. Qxd4 O-O 12. Bxd5 Nc6 13. Qxf4 Qxd5
14. Nc3 Qh5 15. b3 Qg6 16. Bb2 Qxc2 17. Rf2 Qg6 18. Ne4 Bd5 19. Nd6 Rfd8
20. Nf5 f6 21. Rg1 Rd7 22. h4 Re8 23. Ng3 Ne5 24. h5 Qg4 25. Qxg4 Nxg4 26.
Rf4 Ne3 27. h6 Nxg2 28. Rxg2 Bxg2+ 29. Kxg2 Rd2+ 30. Rf2 Rxf2+ 31. Kxf2 Rc8
32. Bd4 Rc2+ 33. Ke3 Rxa2 34. hxg7 Kxg7 35. Ke4 Kg6 36. Nf5 h5 37. Ne7+ Kg5
38. Nd5 f5+ 39. Kf3 Ra3 40. Be3+ f4 41. Nxf4 Rxb3 42. Ne6+ Kf6 43. Nc5
Rxe3+ 44. Kxe3 b6 45. Nd3 Kf5 46. Nb4 a5 47. Nd5 a4 48. Kd4 h4 0-1

[Event "94th ch-GBR"]
[Site "Great Yarmouth ENG"]
[Date "2007.08.02"]
[Round "4"]
[White "Constantinou,P"]
[Black "Rudd,J"]
[Result "1/2-1/2"]
[WhiteElo "2173"]
[BlackElo "2370"]
[EventDate "2007.07.30"]

1. d4 Nf6 2. c3 g6 3. Bg5 Bg7 4. Nd2 O-O 5. e4 d5 6. e5 Ne4 7. Be3 c5 8.
dxc5 Qc7 9. Nb3 Rd8 10. Nf3 Nc6 11. Bd4 Nxe5 12. Bxe5 Bxe5 13. Nxe5 Qxe5
14. Qd4 Qc7 15. Bd3 e5 16. Qe3 f5 17. Bxe4 dxe4 18. h4 Qe7 19. Qg5 Qxg5 20.
hxg5 Be6 21. Na5 Rdc8 22. O-O-O b6 23. Rd6 Bxa2 24. Nc6 Rc7 25. Nxe5 bxc5
26. Nd7 Bc4 27. Nf6+ Kh8 28. Rc6 Rb7 29. Rxc5 Bd3 30. Ra5 Rc8 31. Rh6 f4
32. Re5 Rxc3+ 33. bxc3 1/2-1/2

[Event "94th ch-GBR"]
[Site "Great Yarmouth ENG"]
[Date "2007.08.02"]
[Round "4"]
[White "Poobalasingam,P"]
[Black "Wu,L"]
[Result "1/2-1/2"]
[WhiteElo "2133"]
[BlackElo "2314"]
[EventDate "2007.07.30"]

1. d4 Nf6 2. c4 g6 3. Nc3 Bg7 4. e4 d6 5. f4 O-O 6. Nf3 c5 7. d5 e6 8. Be2
exd5 9. exd5 Bf5 10. O-O Re8 11. Bd3 Qd7 12. Qc2 Na6 13. a3 Nc7 14. Bxf5
gxf5 15. Bd2 b5 16. b3 b4 17. axb4 cxb4 18. Nd1 a5 19. Ra2 1/2-1/2

[Event "94th ch-GBR"]
[Site "Great Yarmouth ENG"]
[Date "2007.08.02"]
[Round "4"]
[White "Lewis,An"]
[Black "Smith,G"]
[Result "1-0"]
[WhiteElo "2284"]
[BlackElo "2129"]
[EventDate "2007.07.30"]

1. d4 f5 2. g3 Nf6 3. Bg2 g6 4. c3 Bg7 5. Nd2 d5 6. Ndf3 O-O 7. h4 h6 8.
Nh3 Be6 9. Nf4 Bf7 10. Ne5 Kh7 11. h5 g5 12. Nfg6 Bxg6 13. hxg6+ Kg8 14.
Qb3 b6 15. Nf7 Rxf7 16. gxf7+ Kxf7 17. e3 Nc6 18. Bd2 e6 19. c4 Ne7 20. Rc1
Qd7 21. Bb4 Ng6 22. cxd5 exd5 23. Qc2 Rc8 24. Qc6 Qxc6 25. Rxc6 Ne7 26.
Bxe7 Kxe7 27. O-O Kd7 28. Rfc1 g4 29. Bf1 1-0

[Event "94th ch-GBR"]
[Site "Great Yarmouth ENG"]
[Date "2007.08.02"]
[Round "4"]
[White "Bonafont,P"]
[Black "James,R"]
[Result "1/2-1/2"]
[WhiteElo "2098"]
[BlackElo "2238"]
[EventDate "2007.07.30"]

1. d4 d5 2. Nf3 e6 3. c4 c5 4. cxd5 exd5 5. Nc3 Nc6 6. g3 Nf6 7. Bg2 Be7 8.
O-O O-O 9. Bg5 cxd4 10. Nxd4 h6 11. Be3 Re8 12. Rc1 Bf8 13. Nxc6 bxc6 14.
Na4 Bd7 15. Bc5 Bxc5 16. Nxc5 Bg4 17. Re1 Qa5 18. h3 Bf5 19. Qd4 Rab8 20.
a3 Qb5 21. b3 a5 22. e3 Ne4 23. Bxe4 Bxe4 24. Rc3 Bf5 25. Kg2 Be4+ 1/2-1/2

[Event "94th ch-GBR"]
[Site "Great Yarmouth ENG"]
[Date "2007.08.02"]
[Round "4"]
[White "Hodgson,Jo"]
[Black "De Coverly,R"]
[Result "1-0"]
[WhiteElo "2227"]
[BlackElo "2086"]
[EventDate "2007.07.30"]

1. e4 c5 2. Nf3 e6 3. d4 cxd4 4. Nxd4 Nf6 5. Nc3 d6 6. Be2 Be7 7. f4 Nc6 8.
Be3 a6 9. a4 O-O 10. O-O Qc7 11. Kh1 Bd7 12. Nb3 b6 13. Bf3 Rab8 14. Qe2
Bc8 15. Rad1 Re8 16. Bf2 Bb7 17. Bh4 Nb4 18. Rd2 Rbd8 19. Nd4 Nd7 20. Bxe7
Rxe7 21. Rfd1 Nf8 22. g3 Red7 23. Bg2 Ng6 24. Nf3 Ne7 25. Qf2 Qc5 26. Qxc5
bxc5 27. Ne5 Rc7 28. Rxd6 Rxd6 29. Rxd6 g6 30. Rd8+ Kg7 31. Rd7 Rxd7 32.
Nxd7 Bc8 33. Nxc5 Nxc2 34. Bf1 Nb4 35. e5 g5 36. N3e4 gxf4 37. gxf4 a5 38.
Kg2 Nbd5 39. Kf3 Nb6 40. Bb5 Nf5 41. Nd6 Nd4+ 42. Ke4 Nxb5 43. axb5 Bd7 44.
b3 Kf8 45. Nc4 Nxc4 46. Nxd7+ Ke7 47. bxc4 Kxd7 48. Kd4 1-0

[Event "94th ch-GBR"]
[Site "Great Yarmouth ENG"]
[Date "2007.08.02"]
[Round "4"]
[White "Ciuksyte,D"]
[Black "Tippleston,C"]
[Result "1-0"]
[WhiteElo "2426"]
[BlackElo "2178"]
[EventDate "2007.07.30"]

1. e4 c5 2. Nf3 Nc6 3. d4 cxd4 4. Nxd4 Nf6 5. Nc3 e5 6. Ndb5 d6 7. Bg5 a6
8. Na3 b5 9. Bxf6 gxf6 10. Nd5 f5 11. exf5 Bxf5 12. c3 Bg7 13. Nc2 O-O 14.
Nce3 Bd7 15. g3 f5 16. Qh5 Rb8 17. Bh3 Be8 18. Qe2 Bg6 19. O-O f4 20. Nc2
Qg5 21. Be6+ Kh8 22. Kh1 Qh6 23. Bd7 Na5 24. b3 f3 25. Qd1 Bf5 26. Bxf5
Rxf5 27. Nde3 Qh3 28. Qxd6 Rbf8 29. g4 Rg5 30. Rg1 Rg6 31. Qc7 Rh6 32. Nf1
Nc6 33. Nce3 Nd8 34. Rg3 Qh4 35. Nf5 Qg5 36. Nxh6 Qxh6 37. Ne3 Bf6 38. Rxf3
Ne6 39. Qd6 e4 40. Nf5 Qg5 41. Re3 Re8 1-0

[Event "94th ch-GBR"]
[Site "Great Yarmouth ENG"]
[Date "2007.08.02"]
[Round "4"]
[White "Wise,D"]
[Black "Walker,Mart"]
[Result "0-1"]
[WhiteElo "2189"]
[BlackElo "2262"]
[EventDate "2007.07.30"]

1. e4 e5 2. Nf3 Nc6 3. Nc3 Nf6 4. d4 exd4 5. Nxd4 Bb4 6. Nxc6 bxc6 7. Bd3
d5 8. exd5 cxd5 9. O-O O-O 10. Bg5 c6 11. Na4 Be6 12. c3 Be7 13. b4 Nd7 14.
Bxe7 Qxe7 15. f4 g6 16. Qe2 a5 17. a3 axb4 18. axb4 Rfe8 19. Qc2 Ra7 20.
Rae1 Qf8 21. f5 Bxf5 22. Bxf5 gxf5 23. Qxf5 f6 24. b5 Ne5 25. Nb2 cxb5 26.
Nd3 Rf7 27. Kh1 Rfe7 28. Nf4 Qf7 29. Rd1 Rd8 30. Nh5 Kh8 31. Nxf6 Rf8 0-1

[Event "94th ch-GBR"]
[Site "Great Yarmouth ENG"]
[Date "2007.08.02"]
[Round "4"]
[White "Mason,D"]
[Black "Foord,D"]
[Result "1/2-1/2"]
[WhiteElo "2251"]
[BlackElo "1950"]
[EventDate "2007.07.30"]

1. e4 e5 2. Nf3 Nc6 3. Bb5 a6 4. Ba4 d6 5. Bxc6+ bxc6 6. d4 f6 7. Be3 Ne7
8. Nc3 Rb8 9. b3 Ng6 10. Qd2 Be7 11. h4 h5 12. O-O-O Bd7 13. dxe5 fxe5 14.
Ng5 Bf6 15. g3 Qe7 16. Na4 Nf8 17. Qa5 Bc8 18. Qc3 Bb7 19. Qc4 Nd7 20. Rhe1
c5 21. Ne6 Rc8 22. Nexc5 Nxc5 23. Bxc5 dxc5 24. Nxc5 Ba8 25. Rd7 Qxd7 26.
Nxd7 Kxd7 27. Rd1+ Ke7 28. Qc5+ Kf7 29. Rd7+ Kg6 30. f4 Rhe8 31. f5+ Kh7
32. Rxc7 Rxc7 33. Qxc7 Bxe4 34. Qf7 Rc8 35. Qxh5+ Kg8 36. c4 Rd8 37. Qg6
Bf3 38. c5 e4 39. c6 Rc8 40. Kd2 e3+ 41. Kxe3 Bxc6 42. Qg4 1/2-1/2

[Event "94th ch-GBR"]
[Site "Great Yarmouth ENG"]
[Date "2007.08.02"]
[Round "4"]
[White "Spence,D"]
[Black "Anderton,M"]
[Result "0-1"]
[WhiteElo "2183"]
[BlackElo "2229"]
[EventDate "2007.07.30"]

1. e4 e6 2. d4 d5 3. Nc3 Bb4 4. e5 c5 5. a3 Ba5 6. b4 cxd4 7. Nb5 Bc7 8. f4
Bd7 9. Nf3 Bxb5 10. Bxb5+ Nd7 11. O-O Ne7 12. Bd3 g6 13. Kh1 Bb6 14. Bb2
Qc7 15. Nxd4 a6 16. Qg4 O-O-O 17. c4 dxc4 18. Bxc4 Bxd4 19. Bxd4 Nb6 20.
Bxb6 Qxb6 21. a4 Kb8 22. a5 Qd4 23. Qe2 Qd2 24. Bxa6 bxa6 25. Qxa6 Rd7 26.
h3 Ra7 27. Qc4 Rc8 28. Qb3 Rc2 29. Rg1 Rc3 30. Qa4 Qd7 31. b5 Qd5 32. Rgc1
Rac7 33. Rxc3 Rxc3 34. Kg1 Qc5+ 35. Kh1 Qc4 36. Qd1 Nd5 37. b6 Qe4 38. Kg1
Rc2 0-1

[Event "94th ch-GBR"]
[Site "Great Yarmouth ENG"]
[Date "2007.08.02"]
[Round "4"]
[White "Armstrong,M"]
[Black "Storey,Ch"]
[Result "0-1"]
[WhiteElo "2126"]
[BlackElo "2218"]
[EventDate "2007.07.30"]

1. d4 f5 2. Nf3 Nf6 3. Bg5 e6 4. Nbd2 d5 5. e3 h6 6. Bxf6 Qxf6 7. Ne5 g6 8.
Be2 Bd6 9. f4 Bxe5 10. dxe5 Qh4+ 11. g3 Qe7 12. c4 b6 13. Bf3 c6 14. cxd5
exd5 15. O-O Bb7 16. Nb3 Na6 17. Rc1 Nc7 18. Qc2 O-O-O 19. Rfd1 Kb8 20. a3
Qf7 21. Na1 g5 22. b4 h5 23. Nb3 Ne6 24. Nd4 Nxd4 25. Rxd4 g4 26. Bg2 h4
27. Kf2 Rc8 28. Qb1 Ka8 29. Rdd1 hxg3+ 30. hxg3 Rh2 31. Rh1 Rxg2+ 32. Kxg2
d4 33. Kf2 Qd5 34. Qd3 Qf3+ 35. Kg1 Qxg3+ 36. Kf1 dxe3 37. Rc2 Qxf4+ 38.
Ke1 Qg3+ 39. Kf1 Qf3+ 40. Kg1 f4 41. Rh7 c5 42. bxc5 bxc5 43. Rb2 c4 44.
Qd7 e2 45. Rxe2 Rb8 46. Qd1 c3 47. Rxb7 Qxb7 48. e6 Rh8 49. Rh2 Qb6+ 50.
Kh1 Rxh2+ 51. Kxh2 Qxe6 0-1

[Event "94th ch-GBR"]
[Site "Great Yarmouth ENG"]
[Date "2007.08.02"]
[Round "4"]
[White "Griffiths,R"]
[Black "Chapman,T"]
[Result "1/2-1/2"]
[WhiteElo "2046"]
[BlackElo "2200"]
[EventDate "2007.07.30"]

1. e4 d6 2. d4 Nf6 3. Nc3 g6 4. Bg5 Bg7 5. Qd2 h6 6. Bh4 g5 7. Bg3 Nh5 8.
O-O-O Nc6 9. Nge2 Nxg3 10. hxg3 a6 11. d5 Ne5 12. f4 Nc4 13. Qd3 b5 14. Nd4
c5 15. dxc6 Qa5 16. Nb3 Qb6 17. Nd4 Qa5 1/2-1/2

[Event "94th ch-GBR"]
[Site "Great Yarmouth ENG"]
[Date "2007.08.02"]
[Round "4"]
[White "Sowray,P"]
[Black "Zhou,Y"]
[Result "1/2-1/2"]
[WhiteElo "2352"]
[BlackElo "2069"]
[EventDate "2007.07.30"]

1. c4 Nf6 2. g3 g6 3. Bg2 Bg7 4. Nc3 O-O 5. e4 d6 6. Nge2 e5 7. O-O Nc6 8.
f4 Bg4 9. h3 Bxe2 10. Qxe2 Nh5 11. Qg4 exf4 12. gxf4 Nd4 13. d3 c6 14. Rb1
f5 15. exf5 Nxf5 16. Ne4 Qb6+ 17. Kh2 d5 18. cxd5 cxd5 19. Ng5 Rad8 20. Bd2
h6 21. Nf3 Nhg3 22. Rfe1 h5 23. Qg5 Rd6 24. Be3 Qa6 25. Bc5 Bh6 26. Qxh6
Nxh6 27. Kxg3 Qxd3 28. Kh2 Rdf6 29. Nd4 Rc8 30. Bxd5+ Nf7 31. Rbd1 Qxd1 32.
Rxd1 Rxc5 33. Nf3 Rxf4 34. Ng5 Rxd5 35. Rxd5 Rf2+ 36. Kg3 Rxb2 37. Ne6 Rxa2
38. Rd7 Rb2 39. Re7 g5 40. Kf3 a5 41. Ke4 Rf2 42. Nd4 g4 43. hxg4 hxg4 44.
Ke3 Rb2 45. Nf5 a4 46. Re4 b5 47. Rxg4+ Kf8 48. Nd4 Ne5 49. Rf4+ Ke7 50.
Nxb5 Rb3+ 51. Ke2 Rxb5 52. Rxa4 Rb3 53. Ra6 Nf7 54. Rg6 Nd8 55. Rh6 Ne6 56.
Kd2 Kd6 57. Rh5 Nf4 58. Rf5 Nd5 59. Rg5 Kc5 60. Rh5 Rg3 1/2-1/2

[Event "94th ch-GBR"]
[Site "Great Yarmouth ENG"]
[Date "2007.08.02"]
[Round "4"]
[White "White,E"]
[Black "Posazhennikov,A"]
[Result "0-1"]
[WhiteElo "1969"]
[BlackElo "2247"]
[EventDate "2007.07.30"]

1. e4 Nf6 2. Nc3 d5 3. exd5 Nxd5 4. Bc4 Nxc3 5. Qf3 e6 6. bxc3 Nd7 7. d4
Nb6 8. Bd3 c5 9. Be3 Qc7 10. Bf4 Bd6 11. Bxd6 Qxd6 12. Qg3 Qxg3 13. hxg3
Bd7 14. Nf3 Bc6 15. Rh5 c4 16. Bf1 Bd5 17. Ne5 Ke7 18. Kd2 h6 19. Be2 Rhc8
20. Rb1 f6 21. Ng6+ Kd6 22. Nf4 Bc6 23. Bf3 e5 24. Bxc6 Rxc6 25. Ne2 Rb8
26. f4 Nd7 27. dxe5+ fxe5 28. Rb5 exf4 29. Rhd5+ Kc7 30. gxf4 a6 31. Rb1
Re8 32. Rxd7+ Kxd7 33. Rxb7+ Rc7 34. Rb4 Re6 35. g3 Kd6 36. Nd4 Rf6 37. Ke3
Kd5 38. Rb8 Re7+ 39. Kf3 g6 40. Rd8+ Rd6 41. Rh8 h5 42. Rb8 Re1 43. Rb7 Ra1
44. Re7 Kc5 45. Rc7+ Kb6 46. Rxc4 Rxa2 47. Rc8 Ra5 48. Rb8+ Kc7 49. Rb2 Rb6
50. Rxb6 Kxb6 51. g4 hxg4+ 52. Kxg4 Rc5 53. Kh4 Rxc3 54. Kg5 Rg3+ 55. Kf6
a5 56. Ke6 a4 57. Kd5 a3 58. c4 Rd3 59. c5+ Kc7 60. Kc4 Rxd4+ 0-1

[Event "94th ch-GBR"]
[Site "Great Yarmouth ENG"]
[Date "2007.08.02"]
[Round "4"]
[White "Hall,Dan"]
[Black "Van Kemenade,R"]
[Result "1-0"]
[WhiteElo "2113"]
[BlackElo "2032"]
[EventDate "2007.07.30"]

1. e4 e5 2. Nf3 Nf6 3. Nxe5 d6 4. Nf3 Nxe4 5. d4 d5 6. Bd3 Nc6 7. O-O Bg4
8. c4 Nf6 9. Nc3 Bxf3 10. Qxf3 Nxd4 11. Qh3 dxc4 12. Bxc4 Be7 13. Bg5 Qc8
14. Qd3 Qg4 15. Bxf6 gxf6 16. Nd5 Ne6 17. Rfe1 Bd8 18. Re4 Qg6 19. Nf4 Qh6
20. Bxe6 fxe6 21. Rxe6+ Kf8 22. Qd7 Qxf4 23. Re8+ 1-0

[Event "94th ch-GBR"]
[Site "Great Yarmouth ENG"]
[Date "2007.08.02"]
[Round "4"]
[White "Grigoryan Lyell,M"]
[Black "Stokes,I"]
[Result "0-1"]
[WhiteElo "2048"]
[BlackElo "2055"]
[EventDate "2007.07.30"]

1. e4 c5 2. Nc3 a6 3. f4 b5 4. Nf3 Bb7 5. d3 e6 6. a4 b4 7. Ne2 d5 8. Ng3
dxe4 9. dxe4 Qxd1+ 10. Kxd1 h5 11. h4 Nf6 12. Bd3 c4 13. Bxc4 Nxe4 14. Nxe4
Bxe4 15. Re1 Bxf3+ 16. gxf3 g6 17. Be3 Nc6 18. Bb6 Be7 19. Re4 O-O 20. Bf2
Bf6 21. Kc1 a5 22. Bb5 Ne7 23. Bc5 Rfc8 24. Bxb4 axb4 25. Rxb4 Bxh4 26. a5
Nd5 27. Rba4 Nxf4 28. a6 Bf2 29. R1a3 e5 30. Kd2 h4 31. Ra1 Kg7 32. c4 Rd8+
33. Kc2 Ne2 34. Rf1 Be3 35. Kb1 Ng3 36. Re1 Bf2 37. Rxe5 h3 38. f4 Rdc8 0-1

[Event "94th ch-GBR"]
[Site "Great Yarmouth ENG"]
[Date "2007.08.03"]
[Round "5"]
[White "Pert,N"]
[Black "Aagaard,J"]
[Result "0-1"]
[WhiteElo "2536"]
[BlackElo "2467"]
[EventDate "2007.07.30"]

1. d4 Nf6 2. Nf3 e6 3. c4 b6 4. Nc3 Bb4 5. Bg5 Bb7 6. Nd2 h6 7. Bh4 Nc6 8.
e3 Ne7 9. f3 Nf5 10. Bf2 c5 11. Qc2 O-O 12. d5 Nxe3 13. Bxe3 exd5 14. Bf2
Re8+ 15. Ne2 dxc4 16. O-O-O b5 17. Nc3 Bc6 18. Nxc4 bxc4 19. Bxc4 d5 20.
Bh4 Qb8 21. Bg3 Qb7 22. Bb3 Rac8 23. Bh4 Bxc3 24. bxc3 c4 25. Ba4 Bxa4 26.
Qxa4 Rb8 27. Qc2 Qe7 28. Rd2 Qa3+ 29. Kd1 d4 30. cxd4 Nd5 0-1

[Event "94th ch-GBR"]
[Site "Great Yarmouth ENG"]
[Date "2007.08.03"]
[Round "5"]
[White "Rowson,J"]
[Black "Barrett,S"]
[Result "1-0"]
[WhiteElo "2599"]
[BlackElo "2219"]
[EventDate "2007.07.30"]

1. d4 Nf6 2. c4 g6 3. Nc3 Bg7 4. e4 d6 5. f3 O-O 6. Be3 Nbd7 7. Nh3 e5 8.
Nf2 Nh5 9. d5 f5 10. Qc2 Rf7 11. Rg1 f4 12. Bd2 c5 13. Qd3 Bf6 14. g3 Nf8
15. O-O-O a6 16. Kb1 b5 17. cxb5 axb5 18. Nxb5 Qb6 19. Qb3 c4 20. Bxc4 Qxf2
21. Nxd6 Rc7 22. gxf4 exf4 23. Ne8 Rb7 24. Nxf6+ Nxf6 25. Qc3 Ne8 26. Bxf4
Bd7 27. d6+ Be6 28. Bc1 Nxd6 29. Rxd6 Qxg1 30. Rxe6 Nxe6 31. Bxe6+ Kf8 32.
Bd5 Rxb2+ 33. Qxb2 Ra6 34. Qb8+ 1-0

[Event "94th ch-GBR"]
[Site "Great Yarmouth ENG"]
[Date "2007.08.03"]
[Round "5"]
[White "Oswald,G"]
[Black "Gordon,S"]
[Result "1/2-1/2"]
[WhiteElo "2147"]
[BlackElo "2487"]
[EventDate "2007.07.30"]

1. e4 c5 2. Nf3 e6 3. d4 cxd4 4. Nxd4 a6 5. Bd3 Qb6 6. Nb3 Qc7 7. O-O b6 8.
c4 Bb7 9. Nc3 d6 10. Be3 Nd7 11. a4 Ngf6 12. a5 bxa5 13. Nxa5 Be7 14. f4
O-O 15. Rf2 Rfb8 16. Nxb7 Qxb7 17. g4 Rc8 18. g5 Ne8 19. e5 Qc7 20. exd6
Nxd6 21. Bd4 g6 22. Qe2 Bf8 23. c5 Nf5 24. Bxf5 gxf5 25. b4 a5 26. Nb5 Qb7
27. bxa5 Bxc5 28. h4 Bxd4 29. Nxd4 Qd5 30. Rd1 Nc5 31. Nb5 Qb3 32. Nd6 Rd8
33. Rf3 Qb4 34. h5 Ne4 35. Nxe4 Rxd1+ 36. Qxd1 fxe4 37. Rb3 Qxa5 38. h6 Rd8
39. Qb1 Qc5+ 40. Kh1 Qd6 41. Qa1 e5 42. fxe5 Qg6 43. Qb2 Qh5+ 44. Kg2 Qg4+
45. Rg3 Qd1 46. Kh3 Qh5+ 47. Kg2 Qd1 48. Kh3 Qh5+ 1/2-1/2

[Event "94th ch-GBR"]
[Site "Great Yarmouth ENG"]
[Date "2007.08.03"]
[Round "5"]
[White "Hebden,M"]
[Black "Lewis,An"]
[Result "1-0"]
[WhiteElo "2540"]
[BlackElo "2284"]
[EventDate "2007.07.30"]

1. d4 Nf6 2. Nf3 g6 3. Nc3 d5 4. Bf4 Bg7 5. Qd2 O-O 6. Bh6 Bxh6 7. Qxh6 c6
8. Ng5 Bf5 9. g4 Bxg4 10. f3 Bh5 11. e4 dxe4 12. Ncxe4 Nbd7 13. Ng3 Qa5+
14. c3 Bxf3 15. Nxf3 Ng4 16. Qf4 h5 17. Bc4 e6 18. h3 Ngf6 19. Qh6 Rfe8 20.
O-O Qc7 21. Kg2 c5 22. Bb5 cxd4 23. Ng5 1-0

[Event "94th ch-GBR"]
[Site "Great Yarmouth ENG"]
[Date "2007.08.03"]
[Round "5"]
[White "Williams,Si1"]
[Black "Hodgson,Jo"]
[Result "1-0"]
[WhiteElo "2480"]
[BlackElo "2227"]
[EventDate "2007.07.30"]

1. d4 Nf6 2. c4 g6 3. Nc3 d5 4. h4 c6 5. Nh3 Bf5 6. Nf4 dxc4 7. f3 b5 8. e4
Bc8 9. Be3 Bb7 10. a4 a6 11. e5 Nd5 12. Nfxd5 cxd5 13. axb5 axb5 14. Nxb5
h5 15. Be2 Bh6 16. Bxh6 Rxh6 17. Rxa8 Bxa8 18. Kf2 Bc6 19. Nc3 Kf8 20. Qd2
Kg7 21. g4 e6 22. Kg3 Nd7 23. Bd1 Rh8 24. Ne2 Qb6 25. Rh2 Ra8 26. gxh5 Ba4
27. Bxa4 Rxa4 28. hxg6 Qb4 29. Qg5 Qe1+ 30. Kh3 Qf1+ 31. Rg2 Qxf3+ 32. Kh2
f6 33. exf6+ Nxf6 34. Nf4 Ra8 35. h5 1-0

[Event "94th ch-GBR"]
[Site "Great Yarmouth ENG"]
[Date "2007.08.03"]
[Round "5"]
[White "Makepeace,P"]
[Black "Knott,S"]
[Result "1/2-1/2"]
[WhiteElo "1978"]
[BlackElo "2374"]
[EventDate "2007.07.30"]

1. e4 e6 2. d4 d5 3. Nc3 Bb4 4. e5 c5 5. a3 Bxc3+ 6. bxc3 Ne7 7. Qg4 O-O 8.
Bd3 Nd7 9. Bg5 f5 10. exf6 Nxf6 11. Qh4 h6 12. Bxf6 Rxf6 13. dxc5 e5 14. f3
Qc7 15. Ne2 Qxc5 16. Qb4 Qc7 17. O-O Be6 18. Rfb1 b6 19. a4 Nc6 20. Qb5 Na5
21. Rb4 Raf8 22. Re1 Kh8 23. Rbb1 Nb7 24. Qb4 Nc5 25. Ng3 Rf4 26. c4 dxc4
27. Be4 Nxe4 28. Nxe4 Bd5 29. Rbd1 Qc6 30. Qe7 R4f7 31. Qxe5 Bxe4 32. Rxe4
Qxa4 33. Qc3 b5 34. Ra1 b4 35. Qxg7+ Rxg7 36. Rxa4 b3 37. cxb3 cxb3 38.
Reb4 Rxf3 39. Rxa7 Rc3 40. Rxg7 Kxg7 41. h4 h5 42. Rb6 Kf7 43. Kf2 Rc2+ 44.
Kf3 b2 45. g4 Rc3+ 46. Kf4 Rc4+ 47. Kf5 Rc5+ 48. Kf4 Rc4+ 49. Kf5 Rxg4 50.
Rb7+ Ke8 51. Rxb2 Rxh4 1/2-1/2